Elégies
Enregistré dans:
| Auteur principal: | |
|---|---|
| Format: | Livre |
| Langue: | français latin |
| Publié: |
París
Les Belles Lettres
1929
|
| Collection: | Collection des Universités de France
|
| Sujets: | |
| Tags: |
Ajouter un tag
Pas de tags, Soyez le premier à ajouter un tag!
|
MARC
| LEADER | 00000nam a2200000 a 4500 | ||
|---|---|---|---|
| 001 | UCO5836 | ||
| 003 | CL-VaPUC | ||
| 008 | 000915e19290000FR |||||||||||||||||fre|d | ||
| 041 | 0 | 7 | |a fre |2 CL-VaPUC |
| 041 | 0 | 7 | |a lat |2 CL-VaPUC |
| 082 | 0 | 4 | |a 871 |b PRO |2 21 |
| 100 | 0 | |a Propercio |e author |9 450640 | |
| 245 | 1 | 0 | |a Elégies |
| 300 | |a 175 p | ||
| 942 | |c BK | ||
| 945 | |d 20000915 00:00:00 |a crobeson | ||
| 260 | |a París |b Les Belles Lettres |c 1929 | ||
| 650 | 7 | |a POESIAS LATINAS |2 CL-VaPUC |9 450641 | |
| 650 | 0 | |a Literatura latina |9 258055 | |
| 583 | |a last modification |c 20000915 00:00:00 |k Rodrigo Vera | ||
| 490 | 0 | |a Collection des Universités de France | |
| 999 | |c 291666 |d 291664 | ||
| 952 | |0 0 |1 0 |4 0 |6 871_000000000000000_PRO_1929 |7 0 |8 X |9 341725 |a BIBART |b BIBART |d 2019-11-20 |i 1223763 |o 871 PRO 1929 |p 1223763 |r 2025-03-13 |w 2019-11-20 |y BK_X |k ART | ||